000 00341nam a2200145Ia 4500
008 191201s2005 xx 000 0 und d
082 _a621.3
_bLED
100 _aLEACH, Donald P
245 0 _aDigital Principles and Application
250 _a5th
260 _aN.Delhi
_bTMH
_c2005
300 _a638
650 _aB.Tech(ECE)
942 _2ddc
_cBK
999 _c967
_d967